00593nam a2200169 a 450000500170000000800410001702000180005805000180007610000180009424500630011226000260017530000230020152001190022465000260034365000330036965000210040220140412111310.0001214s19uu xx 00 eng d a0-06-023259-5 aERbAn77 1987 aKomaiko, Leah aAnnie Bananie /cby Leah Komaiko ; illustrated by Cornell. bHarper Trophy,c1987. a1 v. (unp.) ; ill. aSad because her best friend, Annie Bananie, is moving away, a little girl remembers all the fun they had together. aFriendship -- Fiction aMoving, household -- Fiction aStories in rhyme